000 00353nam a2200145Ia 4500
003 OSt
005 20240102051905.0
008 170524s9999 xx 000 0 und d
020 _a8171416853
040 _cIIMT UNIVERSITY
100 _aSHARMA- SHRI RAM
245 0 _aINDIA -CHINA RELATIONS 1972-1991
260 _bNEW DELHI: DISCOVERY
942 _2ddc
_c01
999 _c9309
_d9309